| 000 | 01261cab a2200193 4500 | ||
|---|---|---|---|
| 001 | ##L131433 | ||
| 008 | 051103n2005 000 0 eng u | ||
| 035 | _a(Sirsi) u131433 | ||
| 041 | 0 | _aeng | |
| 100 | 1 | _aStaveley, Charles | |
| 245 | 0 | 0 | _aInvest for the future |
| 260 | 3 | _c2005 | |
| 490 | 0 |
_aEstates Gazette _v22 October 2005, 230-231(2) |
|
| 520 | _aExplains the significance of the change to the rules on permitted alternative investments from 6 April 2006 (A day) for both those seeking to enhance their pension arrangements and those involved in the property industry. From A day the restricted choice of assets that investors can currently include in self-invested pensions (SIPPs) will be opened up to alternative assets such as private equity funds, residential property, hedge funds, wine and art. Looks at the proposals to allow the acquisition and ownership of overseas property. Notes that government is expected to clarify the full extent of the new rules in November 2005 and that HM Treasury has issued a consultation on the regulation of SIPPs seeking responses by 23 December 2005. | ||
| 590 | _aIKA081105 | ||
| 690 | _aPROPERTY-RESIDENTIAL PROPERTY-RESIDENTIAL PROPERTY FINANCE AND INVESTMENT | ||
| 700 | 1 | _aWrench, Ken | |
| 942 | _n0 | ||
| 999 |
_c76081 _d76081 |
||